00744nam a2200229 i 4500001000300000100003000003245008400033260002100117490003600138650001800174700001900192700002700211830003600238040000800274041000800282080001200290942000700302008004100309999001700350856009800367952004900465bg1 aBADŹMIROWSKI, Krzysztof 0aSystemy mikroprocesorowe /cK. Badźmirowski, J. Pieńkos, W. Piestrzyński. aWarszawa,c1981.1 aUkłady i Systemy Elektroniczne 9aMikroprocesor1 aPIEŃKOS, Jan1 aPIESTRZYŃSKI, Witold aUkłady i Systemy Elektroniczne cBPK apol a681.325 cKS s pl f |000 0 pol  c20236d20236 uhttp://koha.tu.koszalin.pl/cgi-bin/koha/opac-detail.pl?biblionumber=20236yKatalog online BPK 00104070aBPKbBPKcwo28532p01165470yKS